| 000 | 00683pam a2200229 a 4500 | ||
|---|---|---|---|
| 001 | 3824726 | ||
| 005 | 20241217150626.0 | ||
| 008 | 860912s1987 nyua b 001 0 eng c | ||
| 020 |
_a081475029X : _c$30.00 |
||
| 050 | 0 | 0 |
_aQP106.2 _b.L5 1987 |
| 082 | 0 | 0 |
_a612/.133 _219 |
| 100 | 1 |
_aLi, John K-J., _d1950- |
|
| 245 | 1 | 0 |
_aArterial system dynamics / _cJohn K-J. Li. |
| 260 |
_aNew York : _bNew York University Press, _cc1987. |
||
| 300 |
_axxii, 119 p. : _bill. ; _c24 cm. |
||
| 440 | 0 | _aNew York University biomedical engineering series | |
| 650 | 0 | _aArteries. | |
| 650 | 0 | _aHemodynamics. | |
| 650 | 0 | _aRheology (Biology) | |
| 650 | 2 |
_aArteries _xphysiology. |
|
| 942 |
_2lcc _cBK _n0 |
||
| 999 |
_c2425 _d2425 |
||